The Police - Regatta de Blanc - Statistics

General Stats
  • This quiz has been taken 28 times
  • The average score is 8 of 11
Answer Stats
Song Answer % Correct
1 Message in a Bottle
95%
6 Walking on the Moon
95%
4 Bring on the NIght
81%
7 On Any Other Day
76%
2 Regatta de Blanc
76%
9 Contact
67%
11 No Time This Time
67%
10 Does Everyone Stare
62%
8 The Bed's Too Big Without You
52%
3 It's Alright For You
48%
5 Deathwish
38%
No matching quizzes found
Score Distribution
Percent of People with Each Score
Percentile by Number Answered
Your Score History
You have not taken this quiz